Sức Bền Vật Liệu
Nội dung giáo trình đề cập đến những khái niệm cơ bản, xây dưng phương pháp và thành lập các công thức chủ yếu để tính toán các bộ phận công trình và chi tiết máy về dộ bên, độ cứng, và dộ ổn định....
Sparad:
| Huvudupphovsman: | |
|---|---|
| Materialtyp: | Bok |
| Språk: | Vietnamese |
| Publicerad: |
H.
Xây dựng
2016
|
| Ämnen: | |
| Taggar: |
Lägg till en tagg
Inga taggar, Lägg till första taggen!
|
| Thư viện lưu trữ: | Thư viện Trường Đại học Nam Cần Thơ |
|---|
| LEADER | 01399nam a22002177a 4500 | ||
|---|---|---|---|
| 001 | NCT_36985 | ||
| 008 | 180523b xxu||||| |||| 00| 0 vie d | ||
| 999 | |c 1785 |d 1785 | ||
| 020 | |a 9786048200572 |c 117000 | ||
| 082 | 0 | 4 | |2 23rd ed. |a 620.112 |b L305 |
| 100 | 1 | |a Trần Văn Liên | |
| 245 | 1 | 0 | |a Sức Bền Vật Liệu |c Trần Văn Liên |
| 260 | |a H. |b Xây dựng |c 2016 | ||
| 300 | |a 316 tr. |b Minh họa |c 27cm | ||
| 520 | 3 | |a Nội dung giáo trình đề cập đến những khái niệm cơ bản, xây dưng phương pháp và thành lập các công thức chủ yếu để tính toán các bộ phận công trình và chi tiết máy về dộ bên, độ cứng, và dộ ổn định. | |
| 653 | |a Kỹ thuật công trình xây dựng | ||
| 942 | |2 ddc |c BK | ||
| 952 | |0 0 |1 0 |2 ddc |4 0 |6 620_112000000000000_L305 |7 0 |9 8851 |a 000001 |b 000001 |d 2018-05-23 |l 1 |o 620.112 L305 |p MD.08301 |r 2019-12-19 |s 2019-12-19 |v 117000.00 |w 2018-05-23 |y BK | ||
| 952 | |0 0 |1 0 |2 ddc |4 0 |6 620_112000000000000_L305 |7 0 |9 8852 |a 000001 |b 000001 |d 2018-05-23 |l 1 |o 620.112 L305 |p MD.08302 |r 2020-01-02 |s 2019-12-19 |v 117000.00 |w 2018-05-23 |y BK | ||
| 952 | |0 0 |1 0 |2 ddc |4 0 |6 620_112000000000000_L305 |7 0 |9 8853 |a 000001 |b 000001 |d 2018-05-23 |o 620.112 L305 |p MD.08303 |r 2018-05-23 |v 117000.00 |w 2018-05-23 |y BK | ||
| 980 | |a Thư viện Trường Đại học Nam Cần Thơ | ||


